• 首页
  • 本馆介绍
  • 公告通知
  • 最新文献
  • 馆藏检索
  • 电子资源
  • 读者导购
  • 参考咨询
  • 我的图书馆
  • 登录
  • 详细信息显示
  • 放入我的书架
  • 预约/预借图书
  • 作者相关作品
  • 分类相关作品
  • 丛书相关作品
  • 出版社相关作品

书目信息

  • 表格格式
  • 工作单格式
  • 卡片格式
题名:
案例导读:物权法及配套规定适用与解析
    
 
作者: 朱凡 主编 ;法律出版社 编
分册:  
出版信息: 北京   法律出版社  2014
页数: 21,583页
开本: 24cm
丛书名: 案例导读与法律适用解析丛书
单 册:
中图分类: D923.25
科图分类:
主题词: 物权法--案例--分析--中国
电子资源:
ISBN: 978-7-5118-5918-1
000 00880nam0 2200265 450
001 523
005 20140908084945.96
010    @a978-7-5118-5918-1@dCNY89.00
100    @a20140625d2014 em y0chiy50 ea
101 0  @achi
102    @aCN@b110000
105    @ay zn 000yy
106    @ar
200 1  @a案例导读:物权法及配套规定适用与解析@f朱凡主编@g法律出版社专业出版编委会编
210    @a北京@c法律出版社@d2014
215    @a21,583页@d24cm
225 1  @a案例导读与法律适用解析丛书@v15
330    @a本书对物权法重点法条及生活中设计问题较多的法条结合典型案例,进行了深入浅出的分析,通过案例回答了常见实践问题的处理。
461  0 @12001@@a案例导读与法律适用解析丛书
606 0  @a物权法@x案例@x分析@y中国
690    @aD923.25@v5
701  0 @a朱凡@4主编
712 02 @a法律出版社@b专业出版编委会@4编
801  0 @aCN@bTANGWEI@c20140603
905    @b0843061-63@dD923.25@e1191@f3
    
    案例导读:物权法及配套规定适用与解析/朱凡主编/法律出版社专业出版编委会编.-北京:法律出版社,2014
    21,583页;24cm.-(案例导读与法律适用解析丛书;15)
    
    
    ISBN 978-7-5118-5918-1:CNY89.00
    本书对物权法重点法条及生活中设计问题较多的法条结合典型案例,进行了深入浅出的分析,通过案例回答了常见实践问题的处理。
●
相关链接 在E读中查询图书 在五车中查询图书 在当当中查询图书 在豆瓣中查询图书


正题名:案例导读:物权法及配套规定适用与解析     索取号:D923.25/1191         预约/预借

序号 登录号 条形码 馆藏地/架位号 状态 备注
1 0843061   208430615   第一样本阅览室/ [索取号:D923.25/1191] 在馆    
2 0843062   208430624   第一借阅区/ [索取号:D923.25/1191] 在馆    
3 0843063   208430633   密集书库-史法系/ [索取号:D923.25/1191] 在馆    
唐山师范学院图书馆 欢迎您!
大连网信软件有限公司© 版权所有